[Event "VIE-ch U07 Girls"]
[Site "Ho Chi Minh City"]
[Date "2014.07.13"]
[Round "2"]
[White "Pham, Nguyen Hoa"]
[Black "Doan, Thi Thanh Thuy"]
[Result "0-1"]
[WhiteElo "1433"]
[BlackElo "1423"]
[PlyCount "70"]
[EventDate "2014.07.13"]
[EventType "swiss"]
[EventRounds "9"]
[EventCountry "VIE"]
[SourceTitle "EXT 2016"]
[Source "ChessBase"]
[SourceDate "2015.10.08"]
[SourceVersion "1"]
[SourceVersionDate "2015.10.08"]
[SourceQuality "1"]

1. e4 e5 2. Nf3 Nc6 3. Nc3 Bc5 4. Bc4 Nf6 5. d3 h6 6. 0-0 d6 7. h3 Be6 8. Bb3 Bb6 9. Nd5 Bxd5 10. exd5 Nd4 11. Nxd4 Bxd4 12. c3 Bb6 13. Qc2 0-0 14. Be3 Qe7 15. Rad1 Rae8 16. Rfe1 Rd8 17. Qc1 Rfe8 18. Ba4 Rf8 19. b4 Nxd5 20. Bxb6 axb6 21. c4 Nf6 22. Bc2 Ra8 23. a4 Qe6 24. d4 Rfe8 25. d5 Qd7 26. Re3 c6 27. dxc6 Qxc6 28. Red3 Rad8 29. b5 Qc5 30. Rf3 Re6 31. Bf5 Re7 32. Bc2 e4 33. Rf4 e3 34. fxe3 Rxe3 35. Kh2 Qe5 0-1